书目信息 |
| 题名: |
中国文言文小说精典
|
|
| 作者: | 陈建根 主编 | |
| 分册: | ||
| 出版信息: | 济南 山东大学出版社 2008.01 |
|
| 页数: | 715页 | |
| 开本: | 25cm | |
| 丛书名: | 国学精典 | |
| 单 册: | ||
| 中图分类: | I242.7 | |
| 科图分类: | ||
| 主题词: | 文言文--wen yan wen--短篇小说--中国--古代--作品集 | |
| 电子资源: | ||
| ISBN: | 978-7-5607-1977-1 | |
| 000 | 00935nam 2200265 450 | |
| 001 | 012009523921 | |
| 005 | 20091011150938.04 | |
| 010 | @a978-7-5607-1977-1@b精装@dCNY93.00 | |
| 100 | @a20091011d2008 em y0chiy0120 ea | |
| 101 | 0 | @achi |
| 102 | @aCN@b370000 | |
| 105 | @ay z 000ay | |
| 106 | @ar | |
| 200 | 1 | @a中国文言文小说精典@Azhong guo wen yan wen xiao shuo jing dian@f陈建根主编@Fchen jian gen zhu bian |
| 205 | @a第2版 | |
| 210 | @a济南@c山东大学出版社@d2008.01 | |
| 215 | @a715页@d25cm | |
| 225 | 2 | @a国学精典@Aguo xue jing dian |
| 330 | @a本书是一本古典文言小说选集涵括传统国学之精粹,内容包括:山海经,淮南子,燕丹子,列异传,博物志,搜神记, 世说新语,传奇,鬼董,齐东野语等。 | |
| 410 | 0 | @12001 @a国学精典 |
| 606 | 0 | @a文言文@Awen yan wen@x短篇小说@y中国@z古代@j作品集 |
| 690 | @aI242.7@v4 | |
| 701 | 0 | @a陈建根@Achen jian gen@4主编 |
| 801 | 0 | @aCN@bQSSK@c20091011 |
| 905 | @b761105-07@dI242.7@eC461@f3 | |
| 中国文言文小说精典/陈建根主编.-第2版.-济南:山东大学出版社,2008.01 |
| 715页;25cm.-(国学精典) |
| ISBN 978-7-5607-1977-1(精装):CNY93.00 |
| 本书是一本古典文言小说选集涵括传统国学之精粹,内容包括:山海经,淮南子,燕丹子,列异传,博物志,搜神记, 世说新语,传奇,鬼董,齐东野语等。 |
| ● |
| 相关链接 |
|
|
|
正题名:中国文言文小说精典
索取号:I242.7/C461
 
预约/预借
| 序号 | 登录号 | 条形码 | 馆藏地/架位号 | 状态 | 备注 |
| 1 | 761105 | 207611057 | 文学库108/108文学库 23排2列4层/ [索取号:I242.7/C461] | 在馆 | |
| 2 | 761106 | 207611066 | 文学库108/108文学库 23排2列4层/ [索取号:I242.7/C461] | 在馆 | |
| 3 | 761107 | 207611075 | 文学库108/108文学库 23排2列4层/ [索取号:I242.7/C461] | 在馆 |